00910nam a22002417a 4500003000500000005001700005008004100022010001000063011001000073035001100083040000900094100003100103245016400134260004500298300002600343502010800369650002600477650003000503650003100533650004000564650004300604650002100647CHAP20220817044224.0080815s2007 mx r 00010 spa d a95033 a96005 a106644 cCHAP00aSandoval Méndez, Carlos.10aVegetación actual y pontecial y su restauración experimental en el área Parque Urbano Paseo de la Presa San Luis Potosí.c/por Carlos Sandoval Méndez aSan Luis Potosi, Méx.bEl autor,c2007 avii, 74 h. :bcuadros aTesis (M.C. en Ciencias Ambientales) -- UASLP. Facultades de Ciencias Quimicas, Ingeniería y Medicina14aArboricultura urbana.14aParquesxSan Luis Potosi.14aPlantación de árboles.14aRecursos naturalesxConservación.14aRecursos naturalesxSan Luis Potosí.14aReforestación.